Guidelines on occupational vibration

Bibliographic Details
Corporate Authors: MALAYSIA, Malaysia
Format: Book
Published: Bangi : Jabatan Keselamatan dan Kesihatan Pekerjaan Malaysia , 2003
Subjects:

MARC

LEADER 00000cam a2200000 7i4500
001 0000002960
005 20040323.0
020 0 0 |a 9832014247 
090 0 0 |a 620.23   |b MAL 2003 
110 1 0 |a MALAYSIA   |c Department of Occupational Safety and Health 
245 1 0 |a Guidelines on occupational vibration 
260 0 0 |a Bangi :   |b Jabatan Keselamatan dan Kesihatan Pekerjaan Malaysia ,   |c 2003 
300 |a 31 p. :   |b ill. ;   |c 25 cm. 
650 0 0 |a Vibration 
650 0 0 |a Vibration   |x Measurement 
710 1 1 |a Malaysia ,   |c Jabatan Keselamatan dan Kesihatan Pekerjaan Malaysia 
998 |a JPSM 
999 |a 0000005232   |b Monograph   |c Open Shelf   |e Default branch